000 00478nam a2200145Ia 4500
008 100204s9999 xx 000 0 und d
082 _b14983
100 _aसोनवणी संजय
245 _aअखेरचा सम्राट
260 _b"शब्एसन्मान प्रकाशन , पुणे"
_c1991
300 _a250
630 _aअखेरचा सम्राट
730 _aअखेरचा सम्राट
942 _cBOOK
999 _c459414
_d459411